| 000 | 01747nam a22005897a 4500 | ||
|---|---|---|---|
| 003 | OSt | ||
| 008 | 150518b xxu||||| |||| 00| 0 eng d | ||
| 100 | 1 | _aAllen, R.D. | |
| 041 | _aeng | ||
| 245 | 1 | 0 | _aMaritime marks of South Africa, including German, Italian and Dutch usages |
| 260 |
_aLondon _bR.D. Allen, |
||
| 300 | _a0 pages | ||
| 650 | 0 | _aCape of Good Hope (-1910) | |
| 650 | 0 | _aGerman South-West Africa (1897-1923) | |
| 650 | 0 | _aSouth Africa (1910-) | |
| 650 | 0 | _aMaritime Mail | |
| 650 | 0 | _aBritish Colonies | |
| 650 | 0 | _aGreat Britain | |
| 650 | 0 | _aGermany | |
| 650 | 0 | _aItaly | |
| 650 | 0 | _aNetherlands | |
| 650 | 0 | _aShipping Companies and Packet Service | |
| 650 | 0 | _aPostal History | |
| 650 | 0 | _aPostal Markings | |
| 650 | 0 | _aCovers | |
| 650 | 0 | _aPostal Service | |
| 650 | 0 | _aTransoceanic Mail | |
| 650 | 0 | _aTransportation of Mail | |
| 650 | 0 | _aPostal Laws and Regulations | |
| 650 | 0 | _aPostal Rates | |
| 650 | 0 | _aMilitary Mail | |
| 650 | 0 | _a19th Century | |
| 650 | 0 | _a20th Century | |
| 650 | 0 | _aWorld War II, 1939-1945 | |
| 650 | 0 | _aWoermann-Linie, Hamburg. | |
| 650 | 0 | _aDeutsche Ost-Afrika-Linie, Hamburg. | |
| 650 | 0 | _aItalia Line | |
| 650 | 0 | _aNavigazione Generale Italiana | |
| 650 | 0 | _aVereenigde Oostindische Compagnie | |
| 650 | 0 | _aVereenigde Nederlandsche Scheepvaart Maatschappij | |
| 650 | 0 | _aKoninklijke Paketvaart Maatschappij | |
| 650 | 0 | _aRobben Island | |
| 650 | 0 | _aGough Island | |
| 650 | 0 | _aMarion Island | |
| 650 | 0 | _aPrince Edward Island | |
| 650 | 0 | _aSouth African National Antarctic Expedition | |
| 650 | 0 | _aS.A.N.A.E. | |
| 650 | 0 | _aQueen Maud Land | |
| 650 | 0 | _aBouvet Island | |
| 650 | 0 | _aTristan da Cunha (1952-) | |
| 650 | 0 | _aBibliographies | |
| 999 |
_c1497 _d1497 |
||